00735nam a2200157 i 4500001000700000003000900007005001700016008004100033040003000074100002500104245019900129260008900328300003700417650002500454852009800479157721ES-MaACL20230906210826.0990315s1878 fr |||| | fre d aCCPB | B bspa cCCPB | B1 aLichtenstein, Jules.10aHistoire du Phylloxera précédée de considerations générales sur les pucerons et suivie de la liste de personnes qui se sont occupées del aquestion phylloxera / cpar J. Lichtenstein. aMontpellier : bChez C. Coulet ; aParis : bChez J. -B- Baillière & Fils, c1878. a39 p., V h. de lám. ; c25 cm. 4aFiloxera-xHistoria. aES-MaACLjT-670-F-4 z-- Enc. hol. conservando la cub. original z-- Enc. en un vol. facticio